000
00265nam a22001097a 4500
008
170105b xxu||||| |||| 00| 0 eng d
020
_a
0395356571
041
_a
eng
080
_2
4TH
_a
618.2
245
_a
BASIC NURSING SKILLS
_c
ELLIS & NOWLIS & BENTZ
942
_2
udc
_c
BK
999
_c
2541
_d
2541